[Event "CZE-chT1E 1617"]
[Site "Czech Republic"]
[Date "2017.03.05"]
[Round "9.5"]
[White "Sovadina, Jiri"]
[Black "Vincze, Roman"]
[Result "1/2-1/2"]
[WhiteElo "1992"]
[BlackElo "2093"]
[PlyCount "61"]
[EventDate "2016.10.16"]
[EventType "team-tourn"]
[EventRounds "11"]
[EventCountry "CZE"]
[SourceTitle "CBM 177 Extra"]
[Source "ChessBase"]
[SourceDate "2017.04.27"]
[SourceVersion "1"]
[SourceVersionDate "2017.04.27"]
[SourceQuality "1"]
[WhiteTeam "Opava KVS"]
[BlackTeam "Jihlava Gordic"]
[WhiteTeamCountry "CZE"]
[BlackTeamCountry "CZE"]

1. d4 d5 2. Nf3 c6 3. e3 Bf5 4. Bd3 Bxd3 5. Qxd3 Nf6 6. 0-0 Nbd7 7. c4 e6 8. cxd5 exd5 9. Nc3 Bd6 10. e4 dxe4 11. Nxe4 Be7 12. Re1 0-0 13. Bd2 Nxe4 14. Qxe4 Re8 15. Rad1 Nf6 16. Qf5 Qd5 17. Qxd5 Nxd5 18. a3 Bd6 19. g3 f6 20. Kf1 Kf7 21. Bc1 Rxe1+ 22. Rxe1 Re8 23. Rxe8 Kxe8 24. Ke2 Kd7 25. Kd3 Ke6 26. Nd2 h5 27. Nc4 Bc7 28. Ne3 g6 29. Nxd5 Kxd5 30. h3 f5 31. Bd2 1/2-1/2

[Event "Ostrava Konik op-B"]
[Site "Ostrava"]
[Date "2011.05.04"]
[Round "5"]
[White "Kubeczka, Ales"]
[Black "Sovadina, Jiri"]
[Result "1-0"]
[WhiteElo "1899"]
[BlackElo "1994"]
[PlyCount "81"]
[EventDate "2011.04.30"]
[EventType "swiss"]
[EventRounds "9"]
[EventCountry "CZE"]
[SourceTitle "CBM 142 Extra"]
[Source "ChessBase"]
[SourceDate "2011.06.27"]
[SourceVersion "1"]
[SourceVersionDate "2011.06.27"]
[SourceQuality "1"]

1. Nf3 Nf6 2. c4 b6 3. g3 Bb7 4. Bg2 g6 5. d4 Bg7 6. 0-0 0-0 7. Re1 d6 8. Nc3 Ne4 9. Bd2 Nd7 10. Nxe4 Bxe4 11. Bc3 c5 12. e3 Rc8 13. Qb3 Qc7 14. d5 Bxc3 15. Qxc3 Qb7 16. a4 Nf6 17. Nd2 Bxg2 18. Kxg2 a6 19. e4 Nd7 20. Ra3 a5 21. Qe3 Kg7 22. h4 h5 23. Nf3 f6 24. Rc3 Rf7 25. Rg1 Rcf8 26. Kh1 Rh8 27. Nh2 Qa8 28. f4 Kf8 29. Nf3 Qb8 30. Qe1 Rhh7 31. Re3 Qc7 32. Qc3 Rhg7 33. Qb3 Ke8 34. Qb5 Kd8 35. Rb3 Kc8 36. Re1 Kb7 37. Qxa5 Rg8 38. Qb5 Ra8 39. a5 Ra6 40. Ra1 Rf8 41. Qxa6+ 1-0

[Event "CZE-chT2F 1011"]
[Site "Czech Republic"]
[Date "2011.01.23"]
[Round "6.8"]
[White "Axman, Oldrich"]
[Black "Sovadina, Jiri"]
[Result "0-1"]
[WhiteElo "1873"]
[BlackElo "1994"]
[PlyCount "139"]
[EventDate "2010.10.17"]
[EventType "team-tourn"]
[EventRounds "11"]
[EventCountry "CZE"]
[SourceTitle "EXT 2012"]
[Source "ChessBase"]
[SourceDate "2011.11.24"]
[SourceVersion "1"]
[SourceVersionDate "2011.11.24"]
[SourceQuality "1"]
[WhiteTeam "Unicov"]
[BlackTeam "Opava"]
[WhiteTeamCountry "CZE"]
[BlackTeamCountry "CZE"]

1. e4 e5 2. Nf3 Nc6 3. Bb5 a6 4. Bxc6 dxc6 5. 0-0 f6 6. d4 exd4 7. Qxd4 Qxd4 8. Nxd4 Bd6 9. Nc3 Bd7 10. Be3 Ne7 11. Rad1 0-0-0 12. Nce2 c5 13. Nb3 b6 14. Bf4 Bc6 15. f3 Bb5 16. Rxd6 cxd6 17. Re1 Bxe2 18. Rxe2 Kc7 19. c4 Ng6 20. Bg3 h5 21. h4 Ne5 22. Nd2 Rhe8 23. b3 b5 24. Re3 bxc4 25. Bxe5 dxe5 26. Nxc4 Rd1+ 27. Kh2 Red8 28. Rc3 Ra1 29. Rc2 Rdd1 30. Ne3 Rac1 31. Rf2 Rd3 32. Nf5 Rd7 33. Kg3 Kc6 34. Re2 Kb5 35. Ne3 Rd3 36. Kf2 a5 37. Nf5 Rd7 38. Ne3 a4 39. Nd5 axb3 40. axb3 Ra7 41. Rb2 Rca1 42. Kg3 Kc6 43. Rc2 Kd6 44. b4 cxb4 45. Nxb4 Rc7 46. Rd2+ Ke6 47. Nd5 Rb7 48. Ne3 Ra6 49. Rc2 Rab6 50. Ra2 Rb2 51. Ra6+ Kf7 52. Nf5 Kg6 53. Ra3 Re2 54. Ne3 Rbb2 55. f4 exf4+ 56. Kxf4 Rf2+ 57. Kg3 Rfe2 58. Kf3 Ra2 59. Rc3 Reb2 60. Rd3 Kf7 61. Rd7+ Kf8 62. Rd3 Rb4 63. Nd5 Rc4 64. Ne3 Rca4 65. Rd1 R4a3 66. Re1 Rb3 67. Kf4 Kf7 68. g4 hxg4 69. Nxg4 Rh3 70. Rb1 0-1

[Event "Ostrava op"]
[Site "Ostrava"]
[Date "2010.05.08"]
[Round "8"]
[White "Cubok, Milan"]
[Black "Sovadina, Jiri"]
[Result "1/2-1/2"]
[WhiteElo "1930"]
[BlackElo "1990"]
[PlyCount "80"]
[EventDate "2010.05.01"]
[EventType "swiss"]
[EventRounds "9"]
[EventCountry "CZE"]
[SourceTitle "EXT 2011"]
[Source "ChessBase"]
[SourceDate "2010.11.26"]
[SourceVersion "1"]
[SourceVersionDate "2010.11.26"]
[SourceQuality "1"]

1. d4 Nf6 2. c4 e6 3. Nc3 d5 4. cxd5 exd5 5. Bg5 Be7 6. e3 h6 7. Bh4 Nbd7 8. Bd3 0-0 9. Nf3 b6 10. Rc1 Bb7 11. 0-0 Ne4 12. Bxe7 Qxe7 13. Qb3 Ndf6 14. h3 c5 15. Qa3 Rfe8 16. Rfd1 c4 17. Qxe7 Rxe7 18. Bb1 Nxc3 19. Rxc3 Ne4 20. Rcc1 b5 21. Ne5 f6 22. Ng6 Ree8 23. f3 Nd6 24. Kf2 Kf7 25. g4 Nc8 26. h4 Ne7 27. h5 Kg8 28. Nf4 Bc8 29. e4 dxe4 30. Bxe4 Rb8 31. Re1 Bb7 32. Re2 Bxe4 33. fxe4 Nc6 34. Rd1 Rbd8 35. Nd5 Rd7 36. Kf3 Ne7 37. Ne3 Nc6 38. Nf5 Red8 39. d5 Ne5+ 40. Kg3 Rb8 1/2-1/2

[Event "Ostrava op"]
[Site "Ostrava"]
[Date "2010.05.05"]
[Round "5"]
[White "Sovadina, Jiri"]
[Black "Trapl, Dalibor"]
[Result "0-1"]
[WhiteElo "1990"]
[BlackElo "2130"]
[PlyCount "60"]
[EventDate "2010.05.01"]
[EventType "swiss"]
[EventRounds "9"]
[EventCountry "CZE"]
[SourceTitle "EXT 2011"]
[Source "ChessBase"]
[SourceDate "2010.11.26"]
[SourceVersion "1"]
[SourceVersionDate "2010.11.26"]
[SourceQuality "1"]

1. d4 Nf6 2. Nf3 e6 3. Bg5 c5 4. e3 Qb6 5. b3 cxd4 6. Qxd4 Bc5 7. Qd3 Nc6 8. c3 d5 9. Nbd2 Bd7 10. Qb5 Rc8 11. Be2 Ke7 12. Qxb6 Bxb6 13. 0-0 h6 14. Bh4 g5 15. Bg3 Nh5 16. c4 Nxg3 17. hxg3 d4 18. exd4 g4 19. Ne5 Bxd4 20. Nxc6+ Bxc6 21. Rad1 h5 22. Bd3 f5 23. Rfe1 Kf6 24. Bb1 Rcd8 25. Nf1 h4 26. gxh4 Rxh4 27. Ng3 f4 28. Ne2 Rdh8 29. Kf1 Bxg2+ 30. Kxg2 Rh2+ 0-1

[Event "Ostrava op"]
[Site "Ostrava"]
[Date "2010.05.04"]
[Round "4"]
[White "Rychtecky, Pavel"]
[Black "Sovadina, Jiri"]
[Result "0-1"]
[WhiteElo "1810"]
[BlackElo "1990"]
[PlyCount "104"]
[EventDate "2010.05.01"]
[EventType "swiss"]
[EventRounds "9"]
[EventCountry "CZE"]
[SourceTitle "EXT 2011"]
[Source "ChessBase"]
[SourceDate "2010.11.26"]
[SourceVersion "1"]
[SourceVersionDate "2010.11.26"]
[SourceQuality "1"]

1. e4 c5 2. Nf3 Nc6 3. d4 cxd4 4. Nxd4 Nf6 5. Nc3 d6 6. Be2 e6 7. Bg5 Be7 8. f4 a6 9. Bf3 Qc7 10. Qd2 Bd7 11. Nxc6 Bxc6 12. Rb1 0-0 13. 0-0 Rfe8 14. Kh1 Rad8 15. Qf2 b5 16. Rfe1 Qb7 17. a3 a5 18. b4 a4 19. Re3 d5 20. exd5 Nxd5 21. Nxd5 Bxd5 22. h3 Bxf3 23. Rxf3 Bxg5 24. fxg5 Rd5 25. h4 Red8 26. Re1 Qc7 27. c3 Rd1 28. g3 R8d2 29. Qf1 Qd8 30. Rfe3 Qa8+ 31. Kg1 Qa7 32. Kh1 Qb7+ 33. Kg1 Qb6 34. Kh1 Qc6+ 35. Kg1 Qd6 36. Qf3 g6 37. Qa8+ Kg7 38. Qf3 Rxe1+ 39. Rxe1 Rd3 40. Re3 Rd1+ 41. Kg2 Rd2+ 42. Kh3 Qd5 43. Qf6+ Kg8 44. Re5 Qh1+ 45. Kg4 Qd1+ 46. Kh3 Qc2 47. Rc5 Rh2+ 48. Kg4 Qe2+ 49. Qf3 f5+ 50. gxf6 h5+ 51. Kg5 Qxf3 52. Rc8+ Kf7 0-1